01000na a2200241 450000100060000000300080000600500170001400800410003102000150007203500100008704000250009708200190012210000200014124501720016124600720033326000410040530000250044650001330047160000420060465000550064665000390070170000180074012653MIRAKIL20181213154815.0160812b tu 000 0  a9757800910 a12653 aMilasbturcTR-AnCHP a182bV65b 2002 aVon Oech, Roger aBeklenmeyeni bekleyin (yoksa onu asla bulamazsınız)bHeraklitus'un kadim bilgeliğine dayanan bir yaratıcılık aracıcRoger Von Oech Türkçesi ; Meltem Altan. aHeraklitus'un kadim bilgeliğine dayanan bir yaratıcılık aracı aİstanbulbDharma Yayınlarıc2002 a246 s.bres.c18 sm. aÖzgün yapıt adı: Expect the unexpected (or you won't find it) :a creativity tool based on the ancient wisdom of Heraclitus aHeraklitosdİ.Ö. 550-480eVarlık aYaratıcılık (Felsefe)xEski çağ bilgeliği aEski çağ felsefesixHeraklitos aAltan, Meltem